| 000 | 00336nam a22001337a 4500 | ||
|---|---|---|---|
| 008 | 180207b xxu||||| |||| 00| 0 eng d | ||
| 020 | _a9781483352725 | ||
| 041 | _aeng | ||
| 080 |
_27th _a32 |
||
| 100 | _a19 | ||
| 101 | _aPOL | ||
| 245 |
_aKeeping the republic power and citizenship in american politics _cBarbour,C |
||
| 942 |
_2udc _cBK |
||
| 999 |
_c42035 _d42035 |
||